LEADER 02432nam 2200373 450 001 9910724363903321 005 20230704021149.0 035 $a(CKB)5470000002601308 035 $a(NjHacI)995470000002601308 035 $a(EXLCZ)995470000002601308 100 $a20230704d2014 uy 0 101 0 $afre 135 $aur||||||||||| 181 $ctxt$2rdacontent 182 $cc$2rdamedia 183 $acr$2rdacarrier 200 10$a50 ans d'histoire du livre $e1958-2008 /$fDominique Varry 210 1$aVilleurbanne :$cPresses de l'enssib,$d2014. 215 $a1 online resource (224 pages) 225 0 $aPapiers (Presses de l'Enssib. En ligne) 330 $aEn 1958, Albin Michel publie L'Apparition du livre, dans la collection L'E?volution de l'humanite? cre?e?e par Henri Berr. Cet ouvrage, re?dige? par Lucien Febvre et Henri-Jean Martin, n'est pas le seul a? traiter de la question de l'imprimerie, de la civilisation du livre, mais il innove dans sa tentative d'e?crire et de penser une histoire sociale, politique et e?conomique. Le sous-titre : « le livre, ce ferment » e?largissait l'horizon et ne se limitait pas au livre « cette marchandise ». La publication de L'Apparition du livre marque aussi l'arrive?e d'un jeune bibliothe?caire, Henri-Jean Martin, en poste a? la Bibliothe?que nationale : il n'a, a? cette date, que 34 ans. L'ouvrage eut a? ses de?buts un e?cho commercial limite? : il deviendra un ouvrage de re?fe?rence, trois fois re?e?dite? ; et surtout, Henri-Jean Martin a poursuivi cette voie fe?conde de recherche pluridisciplinaire, propre aussi aux anne?es 1970. L'Enssib a organise? en 2008 un colloque pour le cinquantenaire de cette publication. Ce sont les textes retravaille?s, donne?s a? cette occasion, dont nous proposons la lecture. Il n'est pas surprenant que nous retrouvions ici les grands noms de l'historiographie et de la pense?e contemporaine, de Roger Chartier a? Christian Jacob. 517 $a50 ans d?histoire du livre 606 $aInfluence (Literary, artistic, etc.) 606 $aBook industries and trade 615 0$aInfluence (Literary, artistic, etc.) 615 0$aBook industries and trade. 676 $a002.09 700 $aVarry$b Dominique$0163816 801 0$bNjHacI 801 1$bNjHacl 906 $aBOOK 912 $a9910724363903321 996 $a50 ans d'histoire du livre$93394934 997 $aUNINA LEADER 01382nam 2200445 450 001 9910816485703321 005 20220602223653.0 010 $a84-1377-343-1 035 $a(CKB)4100000011883431 035 $a(MiAaPQ)EBC6538778 035 $a(Au-PeEL)EBL6538778 035 $a(OCoLC)1246583592 035 $a(MiAaPQ)EBC6781190 035 $a(PPN)256079706 035 $a(EXLCZ)994100000011883431 100 $a20220602d2021 uy 0 101 0 $aspa 135 $aurcnu|||||||| 181 $ctxt$2rdacontent 182 $cc$2rdamedia 183 $acr$2rdacarrier 200 10$aSoberani?a nacional y lengua $econstitucio?n espan?ola y cooficialidad lingu?i?stica /$fModesto Barcia Lago 210 1$aMadrid, Spain :$cDykinson, S. L.,$d[2021] 210 4$d©2021 215 $a1 online resource (94 pages) 311 $a84-1377-289-3 517 3 $aConstitucio?n espan?ola y cooficialidad lingu?i?stica 606 $aSpanish language$xStudy and teaching$zSpain 606 $aLanguage policy$zSpain 615 0$aSpanish language$xStudy and teaching 615 0$aLanguage policy 676 $a306.44946 700 $aBarcia Lago$b Modesto$f1951-$01622076 801 0$bMiAaPQ 801 1$bMiAaPQ 801 2$bMiAaPQ 906 $aBOOK 912 $a9910816485703321 996 $aSoberani?a nacional y lengua$93955720 997 $aUNINA